<?xml version="1.0" encoding="UTF-8"?>
<marc:record xmlns:marc="http://www.loc.gov/MARC21/slim">
   <marc:leader>00000nam a2200000 a 4500</marc:leader>
   <marc:datafield ind1="1" ind2=" " tag="100">
      <marc:subfield code="a">Parry, Ambrose</marc:subfield>
      <marc:subfield code="4">aut</marc:subfield>
      <marc:subfield code="e">Verfasser/-in</marc:subfield>
   </marc:datafield>
   <marc:datafield ind1=" " ind2=" " tag="653">
      <marc:subfield code="a">historischer Kriminalroman</marc:subfield>
   </marc:datafield>
   <marc:datafield ind1=" " ind2=" " tag="653">
      <marc:subfield code="a">Medizingeschichte</marc:subfield>
   </marc:datafield>
   <marc:datafield ind1=" " ind2=" " tag="653">
      <marc:subfield code="a">Edinburgh</marc:subfield>
   </marc:datafield>
   <marc:datafield ind1=" " ind2=" " tag="653">
      <marc:subfield code="a">Schottland</marc:subfield>
   </marc:datafield>
   <marc:datafield ind1=" " ind2=" " tag="653">
      <marc:subfield code="a">19. Jahrhundert</marc:subfield>
   </marc:datafield>
   <marc:datafield ind1=" " ind2=" " tag="653">
      <marc:subfield code="a">Historischer Roman</marc:subfield>
   </marc:datafield>
   <marc:datafield ind1=" " ind2=" " tag="653">
      <marc:subfield code="a">spannend</marc:subfield>
   </marc:datafield>
   <marc:datafield ind1=" " ind2=" " tag="653">
      <marc:subfield code="a">Arzt</marc:subfield>
   </marc:datafield>
   <marc:datafield ind1=" " ind2=" " tag="653">
      <marc:subfield code="a">Betäubungsmittel</marc:subfield>
   </marc:datafield>
   <marc:datafield ind1=" " ind2=" " tag="653">
      <marc:subfield code="a">frühe Medizin</marc:subfield>
   </marc:datafield>
   <marc:datafield ind1=" " ind2=" " tag="653">
      <marc:subfield code="a">Serienmörder</marc:subfield>
   </marc:datafield>
   <marc:datafield ind1=" " ind2=" " tag="653">
      <marc:subfield code="a">Krankenschwester</marc:subfield>
   </marc:datafield>
   <marc:datafield ind1=" " ind2=" " tag="653">
      <marc:subfield code="a">vergiftet</marc:subfield>
   </marc:datafield>
   <marc:datafield ind1=" " ind2=" " tag="653">
      <marc:subfield code="a">Gift</marc:subfield>
   </marc:datafield>
   <marc:datafield ind1=" " ind2=" " tag="653">
      <marc:subfield code="a">Sherlock Holmes</marc:subfield>
   </marc:datafield>
   <marc:datafield ind1=" " ind2=" " tag="653">
      <marc:subfield code="a">Detektiv</marc:subfield>
   </marc:datafield>
   <marc:datafield ind1=" " ind2=" " tag="653">
      <marc:subfield code="a">Brookmyre</marc:subfield>
   </marc:datafield>
   <marc:datafield ind1=" " ind2=" " tag="653">
      <marc:subfield code="a">Val McDermid</marc:subfield>
   </marc:datafield>
   <marc:datafield ind1=" " ind2=" " tag="653">
      <marc:subfield code="a">Ian Rankin</marc:subfield>
   </marc:datafield>
   <marc:datafield ind1=" " ind2=" " tag="653">
      <marc:subfield code="a">Softcover / Belletristik/Historische Kriminalromane</marc:subfield>
   </marc:datafield>
   <marc:datafield ind1=" " ind2=" " tag="653">
      <marc:subfield code="a">Historische Kriminalromane</marc:subfield>
   </marc:datafield>
   <marc:datafield ind1="0" ind2="0" tag="245">
      <marc:subfield code="a">Das Gift der Lüge</marc:subfield>
   </marc:datafield>
   <marc:datafield ind1="0" ind2="0" tag="245">
      <marc:subfield code="b">Roman</marc:subfield>
   </marc:datafield>
   <marc:datafield ind1="0" ind2="0" tag="245">
      <marc:subfield code="c">Parry, Ambrose</marc:subfield>
   </marc:datafield>
   <marc:datafield ind1=" " ind2="1" tag="264">
      <marc:subfield code="a">München</marc:subfield>
      <marc:subfield code="b">Pendo Verlag</marc:subfield>
      <marc:subfield code="c">2021</marc:subfield>
   </marc:datafield>
   <marc:datafield ind1="1" ind2=" " tag="490">
      <marc:subfield code="a">Die Morde von Edinburgh</marc:subfield>
      <marc:subfield code="v">2</marc:subfield>
   </marc:datafield>
   <marc:datafield ind1=" " ind2=" " tag="250">
      <marc:subfield code="a">1. Auflage</marc:subfield>
   </marc:datafield>
   <marc:datafield ind1="1" ind2=" " tag="520">
      <marc:subfield code="a">Angaben aus der Verlagsmeldung

Das Gift der Lüge : Roman The Art of Dying / von Ambrose Parry

Mord und Medizin im historischen Edinburgh

Edinburgh, 1850. Obwohl die Stadt an der Spitze der modernen Medizin steht, scheinen die Heilmittel der Ärzte wirkungslos. Überall sterben Menschen. Selbst dem geschätzten Dr. James Simpson wird die Schuld für den fragwürdigen Tod eines seiner Patienten zugeschoben. Sein Schützling Will Raven und das ehemalige Hausmädchen Sarah Fisher sind entschlossen, Simpsons Namen reinzuwaschen. Doch auf der Suche nach der wahren Ursache der Todesfälle müssen sie bald feststellen, dass manche Wahrheiten zu unvorstellbar sind, um an sie zu glauben …

»Parrys viktorianisches Edinburgh wird auf eindringliche Weise lebendig – als Welt des Schmerzes.« Val McDermid

»Die Tinktur des Todes ist ein Genuss. Das historische Setting ist faszinierend, und Brookmyres Scharfsinn und erzählerischer Esprit sind unübersehbar in dieser Geschichte rund um Mord und Medizin.« The Times

»Eine Aufsehen erregende Kriminalgeschichte vor dem Hintergrund medizinischer Experimente im Edinburgh des 19. Jahrhunderts. Das Buch lässt sowohl die Stadt als auch die Epoche lebendig werden und ist eine großartige Lektüre.« Ian Rankin

»Ein ausgezeichneter historischer Thriller, gespickt mit Brookmyres herbem Humor. Die oft ekelerregenden medizinischen Details sind faszinierend.« Daily Telegraph

»Eine überaus unterhaltsame Geschichte um Mord und Missgeschicke im Edinburgh der 1840er Jahre.« Sunday Times

Ambrose Parry ist das Pseudonym der schottischen Autoren Christopher Brookmyre und Marisa Haetzman. Der mehrfach ausgezeichnete Christopher Brookmyre arbeitete als Journalist in London, Los Angeles und Edinburgh. Seine Frau Marisa Haetzman ist Medizinhistorikerin und hat zwanzig Jahre als Anästhesistin gearbeitet. Ihre Forschungsarbeit inspirierte das Paar zur Reihe um Will Raven.
</marc:subfield>
   </marc:datafield>
   <marc:datafield ind1=" " ind2=" " tag="020">
      <marc:subfield code="a">9783866124905</marc:subfield>
      <marc:subfield code="9">9783866124905</marc:subfield>
   </marc:datafield>
   <marc:datafield ind1=" " ind2=" " tag="020">
      <marc:subfield code="a">3866124902</marc:subfield>
      <marc:subfield code="9">3866124902</marc:subfield>
   </marc:datafield>
   <marc:datafield ind1=" " ind2=" " tag="041">
      <marc:subfield code="a">ger</marc:subfield>
   </marc:datafield>
   <marc:datafield ind1=" " ind2=" " tag="338">
      <marc:subfield code="a">Band</marc:subfield>
   </marc:datafield>
   <marc:datafield ind1=" " ind2=" " tag="300">
      <marc:subfield code="a">496 Seiten</marc:subfield>
   </marc:datafield>
</marc:record>
